[Event "Madrid ch 2009/10 Semifinal A"]
[Site "Madrid ESP"]
[Date "2010.01.27"]
[Round "9.7"]
[White "Tipter, Napoleon"]
[Black "Lopez-Andujar Ocaña, Antonio"]
[Result "0-1"]
[WhiteElo "2052"]
[BlackElo "2083"]
[PlyCount "40"]
[EventDate "2010.01.11"]
[EventType "swiss"]
[EventRounds "9"]
[EventCountry "ESP"]
[Source "lmi"]
[SourceDate "2010.01.11"]

1. e4 e5 2. f4 d5 3. exd5 c6 4. Qe2 cxd5 5. Qxe5+ Be7 6. Nf3 Nf6 7. Bb5+ Nc6 8.
d4 O-O 9. Bxc6 bxc6 10. O-O Re8 11. Qe1 Ba6 12. Nbd2 Bxf1 13. Qxf1 Qb6 14. Nb3
Ne4 15. Be3 a5 16. a4 f6 17. g3 Bf8 18. Qd3 Kh8 19. Kg2 Nd6 20. Bd2 Nc4 0-1

[Event "Madrid ch 2009/10 Semifinal A"]
[Site "Madrid ESP"]
[Date "2010.01.27"]
[Round "9.8"]
[White "Vazquez Gonzalez, Francisco"]
[Black "Lopez Heras, Arturo"]
[Result "1-0"]
[WhiteElo "2088"]
[BlackElo "2005"]
[PlyCount "49"]
[EventDate "2010.01.11"]
[EventType "swiss"]
[EventRounds "9"]
[EventCountry "ESP"]
[Source "lmi"]
[SourceDate "2010.01.11"]

1. e4 c5 2. Nf3 d6 3. d4 cxd4 4. Nxd4 Nf6 5. Nc3 g6 6. Be3 Bg7 7. f3 Nc6 8. Qd2
O-O 9. Bc4 Bd7 10. O-O-O Rb8 11. h4 Na5 12. Be2 Nh5 13. g4 Ng3 14. h5 Nxh1 15.
Rxh1 Rc8 16. Bh6 e6 17. Bxg7 Kxg7 18. hxg6 hxg6 19. Qh6+ Kf6 20. Qh4+ Kg7 21.
Nf5+ exf5 22. Qh6+ Kf6 23. Nd5+ Ke5 24. Qf4+ Kd4 25. Rd1+ 1-0

[Event "Madrid ch 2009/10 Semifinal A"]
[Site "Madrid ESP"]
[Date "2010.01.27"]
[Round "9.9"]
[White "Salcedo Tornero, Pablo"]
[Black "Fuentes Arjona, Antonio"]
[Result "1-0"]
[WhiteElo "2201"]
[BlackElo "2041"]
[PlyCount "99"]
[EventDate "2010.01.11"]
[EventType "swiss"]
[EventRounds "9"]
[EventCountry "ESP"]
[Source "lmi"]
[SourceDate "2010.01.11"]

1. e4 c5 2. Nc3 Nc6 3. g3 g6 4. Bg2 Bg7 5. d3 d6 6. Be3 Rb8 7. Qd2 Bd7 8. f4
Nf6 9. h3 b5 10. Nf3 b4 11. Ne2 c4 12. e5 Nd5 13. d4 c3 14. bxc3 bxc3 15. Nxc3
Nxe3 16. Qxe3 O-O 17. O-O Nb4 18. Rfc1 Qa5 19. a3 Na6 20. Nd2 dxe5 21. dxe5 Be6
22. Nce4 Rfc8 23. Qxa7 Rc7 24. Qe3 Rbc8 25. Nb3 Qa4 26. Nd4 Bd5 27. Rd1 Bxe4
28. Bxe4 Rc3 29. Rd3 R3c4 30. Bd5 R4c5 31. Bb3 Qa5 32. Rad1 e6 33. Qd2 Qb6 34.
Kg2 Nc7 35. Qb4 Qa7 36. c4 Bf8 37. Qa4 Qb7+ 38. Nf3 Ra8 39. Qb4 Qe4 40. Qd2
Rxa3 41. Kh2 h6 42. h4 Qb7 43. Nd4 Kg7 44. h5 Qe4 45. Re3 Qb7 46. hxg6 fxg6 47.
Rd3 Ra6 48. Nb5 Rac6 49. Rd7+ Kg8 50. Qd3 1-0